Гангста эмээ давтан хэрэг (Бичлэгийн дугаар. 1135138)

MARC дэлгэрэнгүй
000 -Удирдлага
Ном зүйн бүртгэл тоо буюу кодлох утгыг агуулсан 01001nam a22002777a 4500
008 - ЕРӨНХИЙ МЭДЭЭЛЭЛ-ЭЛЕМЕНТҮҮДИЙН ӨГӨГДЛИЙН УРТ
fixed length control field 240821b mp ||||| |||| 00| 0 mon d
020 ## - ОЛОН УЛСЫН СТАНДАРТ НОМЫН ДУГААР-ISBN
Олон Улсын Стандарт Номын Дугаар 978-9919-518-07-3
035 ## - СИСТЕМИЙН ХЯНАЛТЫН ДУГААР
Системийн хяналтын дугаар 10365
040 ## - ЭХ СУРВАЛЖИЙГ ТОДОРХОЙЛОН БИЧИХ
Анхны каталогийн байгууллага DXO45059
Каталогийн хэл Монгол
Бичлэг хийж нэвтрүүлэх байгууллага MN-UlNLM
Өөрчлүүлэх байгууллага MN-UlNLM
Бичиглэлийн тодорхойлолт rda
041 ## - ХЭЛНИЙ КОД
Текстийн хэлний код/фонограм буюу салангид гарчиг Монгол
082 ## - ДЬЮИ АРАВТЫН АНГИЛЛЫН ДУГААР
Дьюигийн аравтын ангилал 10-t
Classification number 808.899 282
Item number В- 67
100 ## - ЗОХИОГЧИЙН ХЭСЭГ
Зохиогчийн нэр Воллиамс. Д
245 #0 - ҮНДСЭН ГАРЧИГ
Гарчиг Гангста эмээ давтан хэрэг
245 #0 - ҮНДСЭН ГАРЧИГ
Гарчигт хамааралтай мэдээ хүүхдийн уран зохиол
245 #0 - ҮНДСЭН ГАРЧИГ
Оролцогчдын тухай мэдээ Ред: Б. Батцэцэг
250 ## - ХЭВЛЭЛТИЙН ТУХАЙ МЭДЭЭ
Дахин хэвлэлтийн мэдээ 2
264 ## - ГАРАЛТЫН МЭДЭЭ
Хэвлэгдсэн газар Улаанбаатар
Бүтээгч, хэвлэгч, түгээгч, үйлдвэрлэгчийн нэр Адмон принт ХХК
Хэвлэгдсэн он 2022
300 ## - ТООНЫ МЭДЭЭ
Хуудасны тоо 438хх.
336 ## - АГУУЛГЫН ТӨРӨЛ
Нөөц rdacontent
Агуулгын төрлийн нөхцөл text
Агуулгын төрлийн код txt
337 ## - MEDIA TYPE
Эх сурвалж rdamedia
Файлын төрөл unmediated
Файлын код n
338 ## - CARRIER TYPE
Source rdacarrier
Carrier type term volume
Carrier type code nc
505 ## - FORMATTED CONTENTS NOTE
Title хүүхдийн уран зохиол; элэг хөшөөм хөгжөөнтэй зохиол; Гангста эмээ; Гангста эмээ давтан хэрэг; 0
650 ## - Сэдэв
Сэдэв 13477
942 ## - ЭЛЕМЕНТИЙН ТӨРӨЛ
Анги Аравтын ангилал
Төрөл Ном
Захиалгууд
Буцаан татагдсан төлөв Хасагдсан шалтгаан Гэмтсэн төлөв Данс заагч Захиалах боломжгүй Үндсэн номын сан Одоогийн байршил Салбар танхим Салбар танхим Бүртгэсэн огноо Тавиурын заалт Баркод Үнэ Хамгийн сүүлд байсан огноо Нийт уншлаганд гарсан тоо Дансны дугаар Төрөл
          Дархан Уул ХНО Дархан Уул ХНО Дархан ХНО | Бусад хэлний материал Дархан ХНО | Бусад хэлний материал 2024-08-22 808.899 282 В- 67 DXO4510013477 19900.00 2024-08-22   10013477 Ном
          Дархан Уул ХНО Дархан Уул ХНО Дархан ХНО | Бусад хэлний материал Дархан ХНО | Бусад хэлний материал 2024-08-22 808.899 282 В- 67 DXO4510013478 19900.00 2024-08-22   10013478 Ном